Del bacilo de Koch en la tuberculosis : (Record no. 158034)

MARC details
000 -LEADER
campo de control de longitud fija 01486nam a22002775i 4500
001 - NÚMERO DE CONTROL
campo de control 158034
003 - IDENTIFICADOR DE NÚMERO DE CONTROL
campo de control ES-MaACL
005 - FECHA Y HORA DE LA ÚLTIMA TRANSACCIÓN
campo de control 20250808063540.0
008 - DATOS DE LONGITUD FIJA--INFORMACIÓN GENERAL
campo de control de longitud fija 030402s1884 sp |||| | spa d
040 ## - FUENTE DE CATALOGACIÓN
Centro catalogador/agencia de origen CCPB | B
Lengua de catalogación spa
Centro/agencia transcriptor CCPB | B
080 ## - NÚMERO DE LA CLASIFICACIÓN DECIMAL UNIVERSAL
Número de la Clasificación Decimal Universal 616.24-002.5
080 ## - NÚMERO DE LA CLASIFICACIÓN DECIMAL UNIVERSAL
Número de la Clasificación Decimal Universal 579.873.2
100 1# - ENTRADA PRINCIPAL--NOMBRE DE PERSONA
Nombre de persona López García, Leopoldo,
Fechas asociadas al nombre 1854-1932
Término indicativo de función/relación Autor
9 (RLIN) 129206
245 10 - MENCIÓN DEL TÍTULO
Título Del bacilo de Koch en la tuberculosis :
Resto del título importancia del examen microscópico de los esputos en el diagnóstico de la misma y técnica especial para la investigación de dicho parásito /
Mención de responsabilidad, etc. por Leopoldo López García
260 ## - PUBLICACIÓN, DISTRIBUCIÓN, ETC.
Lugar de publicación, distribución, etc. Madrid :
Nombre del editor, distribuidor, etc. [s.n.],
Fecha de publicación, distribución, etc. 1884
Fabricante (Est. Tip. del Hospicio)
300 ## - DESCRIPCIÓN FÍSICA
Extensión 20 páginas ;
Dimensiones 24 cm
490 1# - MENCIÓN DE SERIE
Mención de serie Biblioteca de la Revista especial de oftalmología, dermatología, sifilografía y afecciones urinarias y Boletín de medicina y cirugía
RLIN 241605
650 #7 - PUNTO DE ACCESO ADICIONAL DE MATERIA--TÉRMINO DE MATERIA
Término de materia o nombre geográfico como elemento de entrada Tuberculosis
Fuente del encabezamiento o término embne
9 (RLIN) 17658
650 #7 - PUNTO DE ACCESO ADICIONAL DE MATERIA--TÉRMINO DE MATERIA
Término de materia o nombre geográfico como elemento de entrada Mycobacterium tuberculosis
Fuente del encabezamiento o término embne
9 (RLIN) 156808
830 #0 - PUNTO DE ACCESO ADICIONAL DE SERIE-TÍTULO UNIFORME
Título uniforme Biblioteca de la Revista especial de oftalmología, dermatología, sifilografía y afecciones urinarias y Boletín de medicina y cirugía
9 (RLIN) 241605
852 ## - LOCALIZACIÓN
Ubicación ES-MaACL
Ubicación en estantería Depósito folletos
Anotaciones manuscritas Ded. ms. del autor a Manuel Sáenz Díez
Número de control de estantería T-621-F-9
Encuadernación Enc. en un vol. facticio
-- Holandesa, falto de cubierta original
852 ## - LOCALIZACIÓN
Ubicación ES-MaACL
Ubicación en estantería Depósito folletos
Número de control de estantería T-686-F-5
Encuadernación Enc. en un vol. facticio
-- Holandesa, conservando cubierta original
942 ## - ELEMENTOS DE ENTRADA SECUNDARIOS (KOHA)
Fuente del sistema de clasificación o colocación Clasificación decimal universal
Tipo de ítem Koha Folleto
Suprimir en OPAC No
Holdings
Estatus retirado Estado de pérdida Estado de daño No para préstamo Colección Biblioteca de origen Biblioteca actual Ubicación en estantería Fecha de adquisición Total de préstamos Signatura topográfica completa Código de barras Visto por última vez Precio de reemplazo Tipo de ítem Koha
        Colección de folletos Biblioteca del Ateneo de Madrid Biblioteca del Ateneo de Madrid Depósito folletos 17/01/2008   T-686-F-5 1165397 23/02/2023 23/02/2023 Folleto
        Colección de folletos Biblioteca del Ateneo de Madrid Biblioteca del Ateneo de Madrid Depósito folletos 17/01/2008   T-621-F-9 1165396 23/02/2023 23/02/2023 Folleto